[Event "BL Meisterschaftsturnier 2020"]
[Site "Karlsruhe"]
[Date "2020.09.19"]
[Round "6.1"]
[White "L'Ami, Erwin"]
[Black "Gumularz, Szymon"]
[Result "1/2-1/2"]
[WhiteElo "2620"]
[BlackElo "2518"]
[Annotator "TA"]
[PlyCount "54"]
[EventDate "2020.09.16"]
[EventType "team-tourn"]
[EventCountry "GER"]
[SourceTitle "playchess.com"]
[Source "ChessBase"]
[SourceQuality "1"]
[WhiteTeam "Solingen"]
[BlackTeam "SF Berlin"]

{[%evp 14,54,26,26,27,29,36,16,15,24,0,0,18,0,69,76,139,139,241,158,164,125,157,134,235,230,263,125,208,86,92,71,95,81,89,75,79,91,94,0,0,0,84]} 1. d4 Nf6 2. c4 e6 3. Nf3 d5 4. Nc3 Nbd7 5. Bf4 dxc4 6. e3 Nd5 7. Bxc4 Nxf4 8. exf4 Nb6 $1 {8...Nb6 is better than 8...Bd6. D37: Queen's Gambit Declined: 5 Bf4.} 9. Bb3 g6 10. Qe2 Bg7 11. Rd1 O-O {[#]} 12. Ne5 $146 ({Predecessor:} 12. h4 Nd5 13. g3 Nxc3 14. bxc3 c5 15. h5 cxd4 16. cxd4 Bd7 17. Ne5 Qa5+ 18. Qd2 Qxd2+ 19. Kxd2 {½-½ (59) Anand,V (2753)-Ivanchuk,V (2678) chess24.com INT 2020}) 12... Bd7 13. Qf3 Qc8 (13... Bc6 $11 14. Nxc6 bxc6) 14. h4 $14 Rd8 ({Better is} 14... Bc6 15. Qg3 h5) 15. h5 $16 Be8 (15... c5 $16) 16. hxg6 $18 hxg6 17. Qh3 $1 {Threatens to win with Nxg6!} Kf8 18. Ne4 $1 Nd5 (18... Rd6 $16 19. O-O (19. Nxd6 cxd6 20. Nf3 Bb5 $16) 19... Rd8) 19. Ng5 $1 Rd6 ({Avoid the trap} 19... Nxf4 $2 20. Qf3 $18) 20. Qg3 (20. Nh7+ $18 Ke7 21. Qg3) 20... Nf6 {[#]} (20... Kg8 $16 {was necessary.}) 21. O-O (21. f5 $1 $18 {[%cal Rf5g6][%mdl 512] is the precise move to win.} exf5 22. Bxf7 (22. Nexf7 Bxf7 23. Nxf7 Qe8+ 24. Qe3 Rc6 $16) 22... Bxf7 23. Ngxf7) 21... a5 $16 22. a4 Raa6 23. Rfe1 Qd8 24. Qe3 Nd5 {[#]} 25. Qf3 $1 Nf6 26. Qe3 (26. Bc4 $16) 26... Nd5 $1 $11 {[%cal Rd5e3]} 27. Qf3 ({White should try} 27. Qh3 $11) 27... Nf6 $1 {Accuracy: White = 74%, Black = 62%.} 1/2-1/2

[Event "BL Meisterschaftsturnier 2020"]
[Site "Karlsruhe"]
[Date "2020.09.19"]
[Round "6.2"]
[White "Heimann, Andreas"]
[Black "Malakhov, Vladimir"]
[Result "1/2-1/2"]
[WhiteElo "2617"]
[BlackElo "2669"]
[Annotator "TA"]
[PlyCount "133"]
[EventDate "2020.09.16"]
[EventType "team-tourn"]
[EventCountry "GER"]
[SourceTitle "playchess.com"]
[Source "ChessBase"]
[SourceQuality "1"]
[WhiteTeam "Deizisau"]
[BlackTeam "Viernheim"]

{[%evp 15,133,17,30,13,13,13,13,13,13,13,16,16,16,16,14,14,16,13,12,12,12,12,17,17,21,14,18,10,18,6,6,2,12,15,43,43,51,48,43,43,43,43,58,37,51,45,45,42,42,45,66,60,70,67,56,58,139,134,127,117,150,95,156,156,156,134,164,171,352,156,156,156,149,142,144,0,72,45,45,45,45,0,426,354,296,404,334,45,52,10,83,0,350,358,343,317,255,255,255,255,255,255,255,255,234,97,97,97,97,0,0,0,0,0,0,0,0,0,0,0]} 1. e4 e5 2. Nf3 Nc6 3. Bb5 Nf6 4. O-O Nxe4 5. Re1 Nd6 6. Nxe5 Be7 7. Bf1 Nxe5 8. Rxe5 O-O 9. Nc3 {C67: Ruy Lopez: Berlin Defence: 4 0-0 Nxe4.} Ne8 10. Nd5 Bd6 11. Re1 c6 12. Ne3 Be7 13. c4 Nc7 14. d4 d5 15. cxd5 Bb4 16. Bd2 Bxd2 17. Qxd2 Nxd5 18. Nxd5 Qxd5 19. Re5 $5 {[%mdl 4] A promising side line.} Qd6 20. Bc4 Bd7 21. Rae1 Rae8 {[#]} 22. a3 $1 $146 {[%mdl 8] A relevant novelty.} ({Predecessor:} 22. Qc3 Rxe5 23. dxe5 Qe7 24. Rd1 Be6 25. Bxe6 Qxe6 26. a3 f6 27. exf6 Qxf6 28. Qxf6 Rxf6 29. Rd7 Rf7 30. Rd8+ Rf8 31. Rd7 Rf7 32. Rd8+ Rf8 33. Rd7 {½-½ (33) Alekseev,E (2647)-Dominguez Perez,L (2750) Sochi 2019}) 22... Rxe5 23. Rxe5 Re8 24. Qf4 Be6 25. Bxe6 fxe6 $14 {[%mdl 4096] Endgame KQR-KQR} 26. Qe4 h6 27. h4 Qe7 28. g3 Qf6 29. Qe3 Re7 30. Kg2 a6 31. Qb3 Kh7 32. Qf3 (32. Qd3+ {keeps more tension.} Kg8 33. Qf3 Kf8 34. b4 Kf7 35. Qh5+) 32... Qxf3+ 33. Kxf3 {KR-KR} Kg6 34. Ke4 Kf6 35. h5 b6 (35... Re8 $14) 36. b4 $1 $16 Rd7 37. f4 Ra7 38. a4 {[%cal Ba3a4,Ba4a5][%mdl 32]} Rd7 ({Black should try} 38... Kf7) 39. g4 Rd8 40. Kd3 Rd7 41. a5 $1 b5 $2 (41... bxa5 42. Rxa5 Ra7) 42. Rc5 (42. g5+ $1 $18 {is the precise move to win.} Kf7 43. f5 exf5 44. Rxf5+ Ke6 45. Ke4) 42... Rd6 43. Ke4 Ke7 44. Rc1 Kd7 45. Rc5 (45. Rg1 $142) 45... Ke7 $1 46. g5 Kd7 47. Re5 Ke7 48. g6 Kf6 $2 {[%mdl 8192]} (48... Kd7 $1 $11 {and Black is okay.}) 49. f5 $1 $18 {[%cal Rf5e6]} exf5+ 50. Rxf5+ Ke6 51. Rc5 $2 ({Better is} 51. Rf7 $18) 51... Ke7 $1 $14 52. Re5+ Kf6 (52... Kd7 $11 {keeps the balance.}) 53. Rf5+ $2 {[%mdl 8192]} (53. d5 $1 $16 cxd5+ 54. Rxd5 Re6+ 55. Kd4) 53... Ke6 $18 54. Rf7 Rd5 55. Rc7 (55. Rxg7 Rxh5 56. Rc7 Kd6 $16) 55... Kd6 56. Rxg7 {Rg8 is the strong threat.} Rxh5 57. Ra7 Rg5 58. g7 (58. Rxa6 Rxg6 59. Ra8 Rg4+ 60. Kf5 Rg3 $11) 58... h5 {[#] intending ...h4.} 59. d5 $1 (59. Rxa6 Rxg7 60. Ra8 Rg4+ 61. Ke3 Rg3+ 62. Ke4 Rg4+ 63. Kf5 Kc7 $11) 59... h4 (59... cxd5+ $2 {[#]} 60. Kf4 $1 $18 {[%mdl 512]}) 60. Kf4 (60. Rxa6 Rg4+ 61. Kf3 Rg3+ 62. Kf2 Rxg7 $14) (60. dxc6 $18 Kxc6 61. Rxa6+ Kb7 62. Rb6+ Kc7 63. Rh6 Rxg7 64. Rxh4) 60... Rg1 $16 61. dxc6 ({Stronger than} 61. Rxa6 Kxd5 62. Ra7 h3 $15) 61... Kxc6 62. Kf5 (62. Rxa6+ $16 Kd5 63. Rh6 Rxg7 64. Rxh4) 62... Kd5 $11 {The position is equal.} 63. Rxa6 {Strongly threatening Rg6.} Rxg7 64. Rh6 Rf7+ $1 65. Kg5 Rg7+ $1 66. Kf5 ({But not} 66. Kxh4 Kc4 $17) 66... Rf7+ $1 67. Kg5 {White really could win this. Accuracy: White = 77%, Black = 81%.} 1/2-1/2

[Event "BL Meisterschaftsturnier 2020"]
[Site "Karlsruhe"]
[Date "2020.09.19"]
[Round "6.2"]
[White "Sprenger, Jan Michael"]
[Black "Tari, Aryan"]
[Result "0-1"]
[WhiteElo "2482"]
[BlackElo "2630"]
[Annotator "TA"]
[PlyCount "80"]
[EventDate "2020.09.16"]
[EventType "team-tourn"]
[EventCountry "GER"]
[SourceTitle "playchess.com"]
[Source "ChessBase"]
[SourceQuality "1"]
[WhiteTeam "SF Berlin"]
[BlackTeam "Solingen"]

{[%evp 9,80,18,20,25,22,22,29,27,22,-11,0,6,16,-5,0,-25,12,-22,-36,-40,-39,-57,-53,-75,-69,-73,-59,-116,-118,-186,-155,-230,-183,-177,-171,-230,-233,-249,-223,-254,-253,-278,-258,-314,-300,-400,-370,-457,-446,-544,-443,-638,-438,-448,-446,-416,-338,-385,-390,-357,0,-422,-410,-620,-614,-584,-592,-552,-526,-564,-556,-29983,-12842]} 1. e4 c6 2. d4 d5 3. e5 Bf5 4. h4 Qc7 5. c4 dxc4 6. Bxc4 {B12: Caro-Kann: Advance Variation.} e6 7. Nc3 {Hoping for g4.} h6 8. Nge2 {White has an edge.} Nd7 {[#]} 9. Bf4 $146 ({Predecessor:} 9. Ng3 Bh7 10. Nge4 Nb6 11. Bb3 Nd5 12. Nxd5 exd5 13. Nc3 f6 14. Qh5+ Qf7 15. Qxf7+ Kxf7 {½-½ (59) Kadric,D (2458)-Dobrov,V (2537) Split 2013}) 9... Nb6 10. Bb3 Ne7 11. Rc1 Qd7 12. O-O Ned5 13. Qd2 Be7 14. Ng3 Bxh4 15. Nxf5 exf5 16. Nxd5 Nxd5 17. Bxd5 Qxd5 18. Qb4 (18. Qd3 $15) 18... O-O-O $17 19. Rc5 (19. Be3 $17 {was called for.}) 19... Be7 ({Weaker is} 19... Qxa2 {[#]} 20. e6 $1 $16 {[%mdl 512]}) 20. Rxc6+ (20. Rxd5 $17 Bxb4 21. Rxd8+ Rxd8 22. Be3) 20... Qxc6 21. Qxe7 {aiming for Rc1!} Qe6 22. Qa3 (22. Rc1+ $142 Kb8 23. Qxf7 {[%mdl 64] Remove Defender} Qxf7 24. e6+ Ka8 25. exf7) 22... Kb8 $19 23. Be3 Qd5 24. Rc1 Rc8 25. Rc3 a6 26. Qe7 Rhe8 ({But not} 26... Qxa2 27. Qd6+ Ka8 28. d5 $19) 27. Rxc8+ Rxc8 {[%mdl 4096] Endgame KQR-KQB} 28. Kh2 g5 29. f3 f4 30. Bg1 (30. Bd2 $142) 30... Ka7 31. Qf6 Rc6 32. Qf5 Ka8 33. b3 Rc1 34. Qh7 Rc6 35. Qf5 $1 Kb8 36. Qh7 (36. Bf2 $142 Qe6 37. Qe4) 36... Rg6 37. Qh8+ Ka7 38. Qc8 {[#]} g4 $1 39. fxg4 {[#]} h5 $1 {[%mdl 512]} 40. Qf5 (40. gxh5 Qxg2#) 40... Rxg4 {Black took control after the opening. Accuracy: White = 43%, Black = 86%.} 0-1

[Event "BL Meisterschaftsturnier 2020"]
[Site "Karlsruhe"]
[Date "2020.09.19"]
[Round "6.3"]
[White "Kryvoruchko, Yuriy"]
[Black "Meier, Georg"]
[Result "1/2-1/2"]
[WhiteElo "2682"]
[BlackElo "2622"]
[Annotator "TA"]
[PlyCount "40"]
[EventDate "2020.09.16"]
[EventType "team-tourn"]
[EventCountry "GER"]
[SourceTitle "playchess.com"]
[Source "ChessBase"]
[SourceQuality "1"]
[WhiteTeam "Viernheim"]
[BlackTeam "Deizisau"]

{[%evp 14,40,56,17,39,22,18,14,32,45,28,27,47,45,26,14,114,74,72,64,84,70,92,-16,-8,-14,-9,-13,39]} 1. c4 b6 2. Nc3 Bb7 3. d4 e6 4. e4 Bb4 5. f3 f5 6. exf5 Nh6 7. fxe6 Nf5 8. Bf4 (8. Bd3 $5 {[%cal Rd3f5]} O-O 9. a3 Qh4+ 10. Kf1 Bxc3 11. bxc3 $16) 8... O-O {A40: Unusual replies to 1 d4.} 9. Qd3 {[#]} c5 $146 ({Predecessor:} 9... dxe6 10. O-O-O Nc6 11. d5 Bxc3 12. dxc6 Bxb2+ 13. Kxb2 Bxc6 14. Qxd8 Raxd8 15. Rxd8 Rxd8 16. Ne2 Rd1 17. Nc3 Re1 18. Bd2 {1-0 (18) Galiana Fernandez,A (2291)-Perez Carballo,D (2090) Pontevedra 2018}) 10. d5 {Black should prevent 0-0-0.} dxe6 11. O-O-O Bxc3 $1 12. Qxc3 exd5 13. cxd5 Kh8 ({Not} 13... Bxd5 $2 {[#]} 14. Rxd5 $1 {[%mdl 512]} Qc8 15. Bc4 $18) 14. Ne2 Nd7 (14... Na6 $11 {keeps the balance.}) 15. Qd2 b5 16. Kb1 Nb6 {[%cal Rb6d5]} 17. Ng3 Nxd5 18. Be5 (18. Bd3 $16 Nxf4 19. Qxf4) 18... c4 $11 {The position is equal.} 19. Nxf5 $1 Rxf5 20. f4 c3 {Accuracy: White = 71%, Black = 80%.} (20... Qb6 $11) 1/2-1/2

[Event "BL Meisterschaftsturnier 2020"]
[Site "Karlsruhe"]
[Date "2020.09.19"]
[Round "6.3"]
[White "Van Foreest, Jorden"]
[Black "Blohberger, Felix"]
[Result "1-0"]
[WhiteElo "2682"]
[BlackElo "2467"]
[Annotator "TA"]
[PlyCount "47"]
[EventDate "2020.09.16"]
[EventType "team-tourn"]
[EventCountry "GER"]
[SourceTitle "playchess.com"]
[Source "ChessBase"]
[SourceQuality "1"]
[WhiteTeam "Solingen"]
[BlackTeam "SF Berlin"]

{[%evp 12,47,12,14,27,18,22,23,18,3,20,0,0,0,36,36,29,29,30,18,34,25,29,29,21,20,141,0,0,0,272,252,259,258,270,254,259,245]} 1. e4 e5 2. Nf3 Nf6 3. Nxe5 d6 4. Nf3 Nxe4 5. Nc3 Nxc3 6. dxc3 Be7 7. Be3 $1 {The main line 7.Be3 scores better than 7.Bf4.} Nc6 {C42: Petroff Defence: 3 Nxe5 and unusual White 3rd moves.} 8. Bc4 O-O 9. Qe2 Bf5 {White has an edge.} 10. O-O-O Qd7 {[#]} 11. h4 $146 ({Predecessor:} 11. h3 Rae8 12. g4 Be4 13. Rhg1 Bxf3 14. Qxf3 Ne5 15. Qe2 Nxc4 16. Qxc4 Bd8 17. g5 {½-½ (59) Muzychuk,A (2555)-Ju,W (2561) Batumi 2018}) 11... Rae8 12. Qd2 Na5 13. Bd3 Qa4 14. Kb1 ({Not} 14. Bxf5 $2 Qxa2 15. Qd3 Nc4 $19) 14... Nc4 15. Bxc4 Qxc4 16. Nd4 Bd7 17. b3 $36 {[%mdl 2048] White has good play.} Qd5 18. c4 $1 {[%cal Rc4d5]} Qxg2 {[#]} (18... Qe5 $11 {keeps the balance.}) 19. Rhg1 ({White must play} 19. Rdg1 $1 $16 {[%cal Rg1g2]} Qe4 20. Nb5 Bxb5 21. Qc3) 19... Qe4 $11 20. f3 Qe5 $2 {[%mdl 8192] [#]} (20... Qxh4 $11 21. Rh1 Qf6) 21. Nb5 $1 $18 {[%mdl 512] And now Bd4 would win.White has a decisive advantage.} Bf6 {[%csl Gf6][%cal Re5b2]} ({Don't blunder} 21... Bxh4 $2 22. Bd4 $18) (21... Bxb5 22. Bd4) 22. Bd4 Qf5 23. Nxc7 Re5 24. Nd5 {Accuracy: White = 94%, Black = 73%.} ({Less strong is} 24. Bxa7 Bc6 $16) 1-0

[Event "BL Meisterschaftsturnier 2020"]
[Site "Karlsruhe"]
[Date "2020.09.19"]
[Round "6.4"]
[White "Bluebaum, Matthias"]
[Black "Korobov, Anton"]
[Result "1/2-1/2"]
[WhiteElo "2660"]
[BlackElo "2688"]
[Annotator "TA"]
[PlyCount "81"]
[EventDate "2020.09.16"]
[EventType "team-tourn"]
[EventCountry "GER"]
[SourceTitle "playchess.com"]
[Source "ChessBase"]
[SourceQuality "1"]
[WhiteTeam "Deizisau"]
[BlackTeam "Viernheim"]

{[%evp 9,81,30,45,35,34,39,40,42,81,73,70,66,68,67,67,60,83,35,16,32,38,28,42,26,42,31,40,30,54,32,47,29,61,54,54,37,65,70,71,66,75,0,0,0,0,-48,0,-8,0,0,0,-4,0,0,14,8,31,10,25,0,79,85,1068,1068,1043,1026,29976,0,0,0,0,0,0,0]} 1. d4 Nf6 2. Nf3 d5 3. Bf4 Bf5 4. c4 dxc4 5. e3 b5 6. a4 {D02: 1 d4 d5 2 Nf3 sidelines, including 2...Nf6 3 g3 and 2...Nf6 3 Bf4.} c6 7. axb5 cxb5 {[#]} 8. Nc3 $146 {White is slightly better.} ({Predecessor:} 8. b3 Be6 9. bxc4 bxc4 10. Qa4+ Nbd7 11. Nc3 Qc8 12. Ng5 Nd5 13. Nxe6 Nxc3 14. Qc2 {1-0 (22) Shafi,D (1621)-Smith,C (1057) Dundee 2014}) 8... e6 9. Nxb5 Bb4+ 10. Nc3 {Strongly threatening Qa4+.} Nd5 11. Qa4+ ({Of course not} 11. Bxc4 $6 Nxc3 12. bxc3 Bxc3+ 13. Ke2 Bxa1 $11) 11... Nd7 12. Bxc4 O-O {Threatens to win with ...N7b6.} 13. O-O N7b6 14. Qb3 Bxc3 15. Bxd5 Qxd5 16. Qxc3 Be4 17. Ne1 Rfc8 18. Qb4 Bg6 19. f3 Rc4 20. Qd2 Qb5 21. Rf2 Rb4 22. e4 f5 23. exf5 Bxf5 24. Bd6 Rb3 {next ...Nc4 is good for Black.} 25. g4 ({White should play} 25. Ra5 $16 Qd7 26. Qd1) 25... Nc4 $11 26. Qf4 Rxb2 27. Ra2 {Hoping for Raxb2.} Rxa2 28. Rxa2 Nxd6 (28... Qb1 $5 29. Re2 $8 Bg6 $11) 29. Qxd6 Bg6 30. Qc5 Qb7 31. Kf2 Bf7 32. Nd3 $36 {[%mdl 2048] White has the initiative.} a6 33. Ne5 h6 34. Qd6 Kh7 (34... a5 $11 {remains equal.}) 35. Rc2 $16 {And now Rc7! would win.} Bg8 $2 {[%mdl 8192] [#]} (35... Be8 $16) 36. Rc7 $1 $18 {[%cal Rc7b7][%mdl 512]} Qb2+ 37. Kg3 {White wants to mate with Qe7!} Qb1 {[#]} 38. Rxg7+ $2 (38. Kh4 $1 {mates} Qg1 39. h3 Bf7 40. Rxf7 Rg8 41. Qxe6 Qb1 42. Kh5 Kh8 43. Ng6+ Kh7 44. Qf6) 38... Kxg7 $11 {The position is equal.} 39. Qe7+ Kh8 {White must now prevent ...Qh7.} 40. Qf6+ {[%mdl 64] Double Attack} Kh7 {...Ra7 is the strong threat.} 41. Qe7+ {Accuracy: White = 81%, Black = 73%.} 1/2-1/2

[Event "BL Meisterschaftsturnier 2020"]
[Site "Karlsruhe"]
[Date "2020.09.19"]
[Round "6.4"]
[White "Jakubowski, Krzysztof"]
[Black "Andersen, Mads"]
[Result "1/2-1/2"]
[WhiteElo "2481"]
[BlackElo "2585"]
[Annotator "TA"]
[PlyCount "73"]
[EventDate "2020.09.16"]
[EventType "team-tourn"]
[EventCountry "GER"]
[SourceTitle "playchess.com"]
[Source "ChessBase"]
[SourceQuality "1"]
[WhiteTeam "SF Berlin"]
[BlackTeam "Solingen"]

{[%evp 16,73,14,0,0,0,0,0,16,8,23,4,10,-9,0,-10,0,-3,0,0,0,-3,0,-6,-7,-7,-11,0,0,-12,-9,-14,0,-5,0,3,0,0,-2,-3,4,0,0,0,0,0,0,0,0,0,0,0,0,0,0,0,1,0,0,0]} 1. e4 c6 2. d4 d5 3. exd5 cxd5 4. Bd3 Nc6 5. c3 Nf6 6. Bf4 Bg4 7. Nf3 e6 8. Nbd2 Bd6 9. Bg3 O-O {B13: Caro-Kann: Exchange Variation and Panov-Botvinnik Attack.} 10. O-O Bxg3 11. hxg3 e5 12. dxe5 Nxe5 13. Be2 Nc6 {[#] The position is equal.} 14. Nb3 $146 ({Predecessor:} 14. Re1 Re8 15. Qa4 a6 16. Bd3 Qb6 17. Qb3 Qc7 18. Rxe8+ Rxe8 19. Re1 Rxe1+ 20. Nxe1 g6 21. Nef3 Kg7 22. Qa4 h5 23. Qb3 Bxf3 24. Nxf3 Na5 25. Qc2 {½-½ (25) Gerard,A (1952)-Coyne,D (2260) ICCF email 2012}) 14... Re8 15. Qd3 Qb6 16. Rae1 Rad8 17. Qb5 Qc7 18. Nfd4 Bc8 19. Nxc6 bxc6 20. Qa5 Qb6 21. Bd3 Ng4 22. Re2 Rxe2 23. Bxe2 Nf6 24. Rd1 Ne4 25. Qxb6 axb6 26. c4 Be6 27. Bf3 Ra8 (27... Ng5 {is interesting.} 28. Be2 g6 29. Nd4 dxc4 30. Nxc6 Rxd1+ 31. Bxd1 Ne4) 28. Nd4 Ng5 29. Nxc6 Nxf3+ 30. gxf3 dxc4 $11 {[%mdl 4096] Endgame KRB-KRN} 31. Rd6 g6 32. Nd4 Rxa2 33. Nxe6 fxe6 34. Rxb6 Ra1+ 35. Kg2 Rb1 {[#] Hoping for ...c3!} 36. Rc6 Rxb2 37. Rxc4 {An uneventful encounter. Accuracy: White = 100%, Black = 100%.} 1/2-1/2

[Event "BL Meisterschaftsturnier 2020"]
[Site "Karlsruhe"]
[Date "2020.09.19"]
[Round "6.5"]
[White "Anton Guijarro, David"]
[Black "Donchenko, Alexander"]
[Result "1/2-1/2"]
[WhiteElo "2688"]
[BlackElo "2654"]
[Annotator "TA"]
[PlyCount "144"]
[EventDate "2020.09.16"]
[EventType "team-tourn"]
[EventCountry "GER"]
[SourceTitle "playchess.com"]
[Source "ChessBase"]
[SourceQuality "1"]
[WhiteTeam "Viernheim"]
[BlackTeam "Deizisau"]

{[%evp 11,144,16,14,8,17,19,12,14,21,17,22,17,29,19,38,31,38,39,41,48,42,30,43,45,68,62,54,41,51,40,62,53,49,39,56,35,47,0,15,20,30,4,13,14,62,22,23,22,9,0,0,-43,-50,-84,-37,-119,-72,-73,-80,-59,-50,-204,-92,-83,-78,-87,-64,-104,-26,-43,-29,-29,-31,-29,-31,-55,-19,-40,-43,-32,-14,-14,-14,-25,-14,-14,0,-7,-7,-14,0,0,0,0,0,0,-14,-14,0,0,0,0,0,0,0,-19,0,-4,0,0,0,0,0,0,0,0,0,0,0,0,0,0,0,0,0,0,0,0,0,0,0,0,0,0,0]} 1. e4 c5 2. Nf3 d6 3. d4 cxd4 4. Qxd4 Nc6 5. Bb5 Bd7 6. Qd3 g6 7. c4 {B53: Sicilian: 2...d6: Lines with Qxd4.} Bg7 8. Nc3 Nf6 9. O-O O-O 10. h3 a6 11. Bxc6 Bxc6 12. Nd4 Bd7 13. a4 Rc8 14. b3 Qc7 15. Be3 {[#]} e6 $146 ({Predecessor:} 15... Rfe8 16. Rfc1 h6 17. a5 e6 18. Nde2 Bc6 19. Rd1 Qe7 20. b4 d5 21. exd5 exd5 22. cxd5 Nxd5 23. Nxd5 Bxd5 24. Qxd5 Bxa1 25. Rxa1 Qxb4 {1-0 (37) Reinhart,E (2343)-Ronse,I (1947) Charleroi 2015}) 16. Rfc1 h6 17. a5 Qb8 18. Nde2 Bc6 19. Bd4 Rfe8 20. Re1 Rcd8 21. Bb6 Rc8 22. Rad1 Nd7 23. Bd4 ({Reject} 23. Qxd6 Qxd6 24. Rxd6 Nxb6 $11) 23... Bf8 24. Qb1 b5 25. axb6 $1 Nxb6 26. Qa2 Qb7 27. f3 d5 {[%cal Rd5e4]} 28. cxd5 exd5 29. e5 Nd7 30. f4 Nc5 31. Rb1 Bd7 32. Ng3 h5 33. Red1 (33. f5 $1 $15) 33... h4 34. Nge2 Bf5 35. Rb2 Ne6 36. Na4 $2 (36. b4 $1 $15) 36... Rc6 (36... Bb4 $19 {and Black stays clearly on top.} 37. Bf2 {[#]} d4 $1 {[%mdl 512]} 38. Nxd4 Red8) 37. b4 $17 Rc4 38. Nc5 Qc8 {[%cal Rf8c5]} 39. Kh2 Bh6 (39... Nxc5 $17 40. bxc5 Bxc5 41. Bxc5 Qxc5 42. Qxa6 Be4) 40. Nxe6 Rxe6 41. Bf2 $1 Be4 {aiming for ...g5.} 42. Bxh4 d4 43. Qa3 d3 (43... Rec6 {looks sharper.} 44. Bg3 d3 45. Rxd3 Bxd3 46. Qxd3 Rb6) 44. Rxd3 Bxd3 45. Qxd3 Bxf4+ 46. Nxf4 Rxf4 47. Bf6 Qb8 48. Rd2 $1 {The position is equal.} Rxb4 49. Qf3 {Hoping for Rd8+.} Re8 50. Rd7 Rb6 51. Qf4 {[#]} Rxf6 $1 {[%mdl 576] Remove Defender} 52. Qxf6 {[%mdl 64] Double Attack} (52. exf6 Qxf4+) 52... Qxe5+ 53. Qxe5 Rxe5 $11 {[%mdl 4096] Endgame KR-KR} 54. Ra7 Re6 55. h4 Kg7 56. g4 Re2+ 57. Kg3 Ra2 58. g5 a5 59. Ra8 a4 60. Kh3 a3 61. Kg3 Ra1 62. Kg2 f5 63. gxf6+ Kxf6 (63... Kf7 $5 64. Ra6 $8 Kf8 $11) 64. Ra5 Ke6 {White must now prevent ...a2.} 65. Rg5 Kf7 66. Ra5 Kf6 {And now ...a2 would win.} 67. Kh2 Ke6 68. Rg5 Kd6 69. Rxg6+ Kc5 70. Rg5+ Kb4 {Threatens to win with ...Rd1.} 71. Rg4+ Kc3 72. Rg3+ Kb4 {Accuracy: White = 83%, Black = 88%.} 1/2-1/2